000 01318nam a22003257a 4500
005 20260313142644.0
008 260311s2005 ck ||||g |||| 00| | spa d
040 _aCO-BoESAP
_bspa
_cCO-BoESAP
100 1 _aBrito Ruiz, Fernando
_924434
_eautor
245 1 3 _aLa administración nacional en la constitución colombiana :
_bestudio de los textos de la constitución de 1991 /
_cFernando Brito Ruiz.
300 _apáginas 69-102
504 _aBibliografía: páginas 100-102.
526 _a104436
526 _a1697
526 _a19790
526 _a51868
526 _a102619
526 _a5144
650 1 7 _aPoder público
_xReformas
_94588
_2LEMB
_zColombia
650 2 4 _aReformas administrativas
_xHistoria
_9222549
_zColombia
650 2 7 _aReformas constitucionales
_93890
_zColombia
_2LEMB
650 2 7 _aPresidentes
_xFunciones administrativas
_96464
_zColombia
_2LEMB
650 2 7 _aPoder ejecutivo
_912478
_zColombia
_2LEMB
650 2 7 _aDescentralización administrativa
_910325
_zColombia
_2LEMB
651 7 _aColombia
_2LEMB
_9164775
_xAdministración pública
651 7 _aColombia
_2LEMB
_9164775
_xPolítica y gobierno
651 7 _aColombia
_2LEMB
_9164775
_yConstitución, 1991
773 _tTeoría de la organización administrativa colombiana : una visión jurídico-administrativa
942 _2cl
_cCHAP
999 _c175274
_d175274